000 00460ngm a2200193 i 4500
001 C2-0310474
003 PPAK
005 20180727220715.0
008 110620s xx |||| ||||| | vleng d
040 _aPPAK
_beng
_cPPAK
_erda
245 1 4 _aThe Seeker
264 1 _c[n.d.]
336 _2rdacontent
_atext
337 _2rdamedia
_aunmediated
338 _2rdacarrier
_avolume
700 _eauthor
700 1 _aSears, Eric A.,
_eeditor
942 _2ddc
_cDVD
999 _c166449
_d166449